|
|
|
|
| LEADER |
00000cas a2200000 a 4500 |
| 001 |
vtls010206667 |
| 003 |
SK-MaSNL |
| 005 |
20260228161153.0 |
| 008 |
110126c20049999xo n|p 0 b0hun |
| 040 |
|
|
|a SVKBB
|b slo
|c SVKBB
|d SNK
|e AACR2
|
| 041 |
0 |
|
|a hun
|
| 044 |
|
|
|a xo
|c SK
|
| 072 |
|
7 |
|a 329
|x Politické strany a hnutia
|2 konspekt
|
| 080 |
|
|
|a 329.1/.6
|2 2011
|
| 080 |
|
|
|a 329(051)
|2 2011
|
| 245 |
0 |
0 |
|a Hírvivő
|b a Magyar Koalíció Pártja közlönye
|
| 260 |
|
|
|a Bratislava
|b MKP Központi Irodája
|c 2004-
|
| 300 |
|
|
|a zv.
|c 39 cm
|
| 310 |
|
|
|a Nepravidelne
|b [2012]-
|
| 321 |
|
|
|a 24x ročne
|b 2007-[2009]
|
| 321 |
|
|
|a 1x mesačne
|b 2004-2006, [2010]-
|
| 362 |
0 |
|
|a Sz. 1 (nov. 2004)-sz. 9/10 (júl./aug. 2005) ; szept. 2005-
|
| 500 |
|
|
|a Je samostatnou prílohou novín Új szó
|
| 500 |
|
|
|a Zmena podnázvu od r. [2012]-: a Magyar Közösség Pártjának közlönye
|
| 650 |
0 |
7 |
|a politické strany
|2 SNKPH
|9 3589
|
| 655 |
|
7 |
|a časopisy politických strán a hnutí
|2 SNKPH
|9 237919
|
| 772 |
0 |
|
|t Új szó (Tlačené vydanie)
|x 1335-7050
|w vtls008422210
|
| 852 |
|
|
|a Štátna vedecká knižnica v Banskej Bystrici
|
| 856 |
4 |
1 |
|u http://www.mkp.sk/hirvivo/
|
| 910 |
|
|
|a snk
|
| 999 |
|
|
|c 4552
|d 6482
|
| 952 |
|
|
|0 0
|1 0
|4 0
|7 0
|8 0
|a SNK
|b SNK
|d 2017-10-03
|i snk2017/21211
|l 0
|o snkČSA 1431/2014
|p 17A1263404
|r 2026-02-21 21:56:40
|t č. 1-7
|w 2026-02-21
|y PREZ
|